Einfuhrung in die Theorie der Differentialgleichungen im reellen Gebiet
Αποθηκεύτηκε σε:
| Κύριος συγγραφέας: | |
|---|---|
| Μορφή: | Βιβλίο |
| Γλώσσα: | German |
| Δημοσίευση: |
Berlin ; Heidelberg :
Spriner - Verlag,
1979
|
| Σειρά: | Grundlehren der mathematischen wissenschaften ;
; 83 |
| Θέματα: | |
| Ετικέτες: |
Προσθήκη ετικέτας
Δεν υπάρχουν, Καταχωρήστε ετικέτα πρώτοι!
|
MARC
| LEADER | 00000nam a2200000 i 4500 | ||
|---|---|---|---|
| 001 | 1/51096 | ||
| 008 | 980818s1979 ger d | ||
| 020 | |a 3-540-09232-3 | ||
| 035 | |l 10044050 | ||
| 040 | |a GR-MY-UA |b gre |e aacr | ||
| 041 | 0 | |a ger | |
| 082 | 0 | |a 515.35 | |
| 100 | 1 | |a Bieberbach, Ludwig |d 1886- | |
| 245 | 1 | 0 | |a Einfuhrung in die Theorie der Differentialgleichungen im reellen Gebiet / |c Ludwig Bieberbach |
| 260 | |a Berlin ; Heidelberg : |b Spriner - Verlag, |c 1979 | ||
| 300 | |a viii, 281 p.; |c 24 cm. | ||
| 490 | 1 | |a Grundlehren der mathematischen Wissenschaften |v ; 83 | |
| 500 | |a Includes index | ||
| 650 | 0 | 0 | |a Differential equations. |
| 830 | 0 | |a Grundlehren der mathematischen wissenschaften ; |v ; 83 | |
| 852 | |a INST |b SAMOS |e 19980818 |h 515.35 BIE |p 005300009630 |q 005300009630 |t BK |y 0 | ||
| 901 | |a BIBL-1998-2 | ||
| 909 | |a Σ |b 041575 | ||
| 922 | |a 3ΕΛΗ |b 199808 |c ΒΙΒΛΙΟΘΗΚΗ |d ΚΩΣΤΑΡΑΚΗΣ | ||